Consueta de Sant Jordi (Record no. 47165)

MARC details
000 -LEADER
campo de control de longitud fija 00698nam a2200193 i 4500
001 - NÚMERO DE CONTROL
campo de control 47165
003 - IDENTIFICADOR DE NÚMERO DE CONTROL
campo de control ES-MaACL
005 - FECHA Y HORA DE LA ÚLTIMA TRANSACCIÓN
campo de control 20230906161520.0
007 - CAMPO FIJO DE DESCRIPCIÓN FÍSICA--INFORMACIÓN GENERAL
campo de control de longitud fija t|
008 - DATOS DE LONGITUD FIJA--INFORMACIÓN GENERAL
campo de control de longitud fija 030404s1952 sp ||||1| cat d
245 00 - MENCIÓN DEL TÍTULO
Título Consueta de Sant Jordi
Resto del título : miracle catalá del sigle XIV : amb nou interpretacions iconografiques del Sant /
Mención de responsabilidad, etc. [nota preliminar de Oriol Martorell].
260 ## - PUBLICACIÓN, DISTRIBUCIÓN, ETC.
Lugar de publicación, distribución, etc. Barcelona :
Nombre del editor, distribuidor, etc. [s.n.,
Fecha de publicación, distribución, etc. 1952] (
Fabricante Imp. J. Jové)
300 ## - DESCRIPCIÓN FÍSICA
Extensión 24 p. :
Otras características físicas il. ;
Dimensiones 30 cm.
490 1# - MENCIÓN DE SERIE
Mención de serie Les amics del llibre i del grabat ;
Designación de volumen o secuencia 2
700 1# - ENTRADA AGREGADA--NOMBRE PERSONAL
Nombre de persona Martorell, Oriol.
9 (RLIN) 78538
830 0# - PUNTO DE ACCESO ADICIONAL DE SERIE-TÍTULO UNIFORME
Título uniforme Les amics del llibre i del grabat ;
Designación de volumen o secuencia 2
9 (RLIN) 230015
852 ## - LOCALIZACIÓN
Ubicación ES-MaACL
Número de control de estantería 1964-F-14
Sublocalización o colección R.34198
Holdings
Estatus retirado Estado de pérdida Estado de daño No para préstamo Colección Biblioteca de origen Biblioteca actual Ubicación en estantería Fecha de adquisición Fuente de adquisición Total de préstamos Signatura topográfica completa Código de barras Visto por última vez Precio de reemplazo Tipo de ítem Koha
        Colección de folletos Biblioteca del Ateneo de Madrid Biblioteca del Ateneo de Madrid Depósito folletos 17/01/2008     1964-F-14 1049609 23/02/2023 23/02/2023 Folleto